Most Widely Eaten Fish - Statistics

General Stats
  • This quiz has been taken 69 times
  • The average score is 4 of 10
Answer Stats
Hint Answer % Correct
2. Salmon
98%
1. Tuna
86%
3. Cod
82%
4. Tilapia
46%
5. Sardines
37%
6. Catfish
30%
9. Anchovies(Peruvian Anchoveta)
23%
7. Grass Carp
21%
8. Pangasius
7%
10. Kingfish
4%
No matching quizzes found
Score Distribution
Percent of People with Each Score
Percentile by Number Answered
Your Score History
You have not taken this quiz